| 000 | 00560nam a22002057a 4500 | ||
|---|---|---|---|
| 003 | OSt | ||
| 005 | 20251211131703.0 | ||
| 008 | 250616b |||||||| |||| 00| 0 eng d | ||
| 020 | _a9781597561945 | ||
| 040 | _cddc | ||
| 082 | _a616.8 | ||
| 100 | _aLeonard L LaPointe | ||
| 245 |
_aBrain-Based Communication Disorders _cLeonard L LaPointe |
||
| 250 | _a1st | ||
| 260 | _bPlural Publishing Inc | ||
| 500 | _aReference | ||
| 650 |
_vAudiology and Speech Language Pathology _xAudiology and Speech Language Pathology |
||
| 942 |
_cREF _2ddc |
||
| 999 |
_c249386 _d249386 |
||